Представление документа в формате MARC21

ПолеНазваниеЗначение
  Тип записи a
  Библиографический уровень m
001 Контрольный номер BIBLIOCLUB\0000685080
005 Дата корректировки 20230117110127.5
006 m o d
007 Элементы данных для физической характеристики c|||||||||||||
008 Кодируемые данные s2017 rus o rus d
020 Индекс ISBN __
a ISBN 978-5-238-01050-2
041 Код языка издания 0_
a Код языка текста rus
084 Индекс другой классификации/Индекс ББК __
a Индекс другой классификации/Индекс ББК 87.752я73
b Номер единицы LBC/PL
2 Источник индекса rubbk
084 Индекс другой классификации/Индекс ББК __
a Индекс другой классификации/Индекс ББК 88.566.4я73
b Номер единицы LBC/PL
2 Источник индекса rubbk
245 Заглавие 10
a Заглавие Психология и этика делового общения
b Продолж. заглавия учебник
c Ответственность под ред. В. Н. Лавриненко
250 Сведения об издании __
a Основные сведения об издании 5-е изд., перераб. и доп.
260 Выходные данные __
a Место издания Москва
b Издательство Юнити-Дана
c Дата издания 2017
300 Физическое описание __
a Объем 420 с.
b Иллюстрации/ тип воспроизводства ил., табл.
490 Серия 1_
a Заглавие серии Золотой фонд российских учебников
504 Библиография __
a Библиография Библиогр. в кн
653 Ключевые слова 1_
a Ключевые слова Учебник для высшей школы
702 _1
a Лавриненко
b В. Н.
4 340
830 Заголовок добавочной библ.записи на серию - унифицированное заглавие _0
a Унифицированное заглавие Золотой фонд российских учебников
856 Электронный адрес документа 40
3 Область применения данных поля Университетская библиотека ONLINE
u URL https://biblioclub.ru/index.php?page=book&id=685080
952 Тип литературы __
c Вид литературы учебник